Alena Nádvorníková : uvnitř a vně (kresby z let 1975-1990) : Dům umění města Brna, Dům pánů z Kunštátu, 10. duben - 13. květen 1990 /

Hlavní autor: Nádvorníková, Alena, 1942-2023
Další autoři: Janda, J.
Jazyk: Čeština
Vydáno: Brno : Dům umění města Brna, 1990
Edice: DU/DPK
Témata:
Fyzický popis: 16 nečíslovaných stran : ilustrace ; 21 cm
Knihy
Uloženo v:
LEADER 01340nam a22003492i 4500
001 001534976
003 CZ BrMZK
005 20161114101149.0
007 ta
008 160714s1990 xr a er|||||||||||cze d
015 |a cnb000054669 
020 |q (Brožováno) 
035 |a (OCoLC)39428910 
040 |a ABA001  |b cze  |d ABA001  |d BOA001  |e rda 
080 9 |a 741/744 Nádvorníková, A."1975/1990":061.43(437.2-2 Brno)"1990"(083.81) 
080 9 |a 741(437.1)"19":92Nádvorníková 
100 1 |a Nádvorníková, Alena,  |d 1942-2023  |7 jn99240000799  |4 art 
245 1 0 |a Alena Nádvorníková :  |b uvnitř a vně (kresby z let 1975-1990) : Dům umění města Brna, Dům pánů z Kunštátu, 10. duben - 13. květen 1990 /  |c autor textů J. Janda 
246 3 0 |a Uvnitř a vně - Alena Nádvorníková 
264 1 |a Brno :  |b Dům umění města Brna,  |c 1990 
300 |a 16 nečíslovaných stran :  |b ilustrace ;  |c 21 cm 
336 |a text  |b txt  |2 rdacontent 
337 |a bez média  |b n  |2 rdamedia 
338 |a svazek  |b nc  |2 rdacarrier 
490 1 |a DU/DPK ;  |v 548 
600 1 7 |a Nádvorníková, Alena,  |d 1942-2023  |7 jn99240000799  |2 czenas 
700 1 |a Janda, J.  |4 wfw 
830 0 |a DU/DPK 
910 |a BOA001  |b X-0947.610 
990 |a BK 
991 |b 201605 
996 6 |b 2619160096  |c X-0947.610  |l MZK  |r Sklad / do 24 hodin  |n 0  |w 001569763  |u 000010  |a 1  |e BOA001  |j MZK50  |s P